Účtovníctvo vz. audit (vzájomný vzťah a rozdiely)

Hlavné črty účtovníctva a auditu, bod, v ktorom sa obe profesie stretávajú. Uplatňovanie konceptu nezávislosti - významný rozdiel medzi oboma ekonomickými disciplínami. Ich vzájomné pôsobenie je nevyhnutné a neoddeliteľné.

Guardado en:
Detalles Bibliográficos
Autor principal: Krišková, Petra, 1981-
Formato: Capítulo de libro
Lenguaje:eslovaco
Materias:
Etiquetas: Agregar Etiqueta
Sin Etiquetas, Sea el primero en etiquetar este registro!

MARC

LEADER 00000naa$a2200000$$$4500
001 0113919
005 20240502072251.9
041 0 |a slo 
044 |a SK 
245 1 0 |a Účtovníctvo vz. audit (vzájomný vzťah a rozdiely)  |c Petra Krišková 
520 |a Hlavné črty účtovníctva a auditu, bod, v ktorom sa obe profesie stretávajú. Uplatňovanie konceptu nezávislosti - významný rozdiel medzi oboma ekonomickými disciplínami. Ich vzájomné pôsobenie je nevyhnutné a neoddeliteľné. 
610 2 0 |a účtovníctvo 
610 2 0 |a audítorstvo 
100 1 |a Krišková, Petra, 1981-